000 01493aam a2200349 i 4500
999 _c45576
_d45576
001 768714001
003 CO-MdBIC
005 20201015085335.0
007 ta
008 200509t1983 us ||||| |||| 00| 0 eng d
020 _a0894533592
040 _bspa.
_aCO-MdFUSB
_cCO-MdFUSB
_dCO-MdFUSBC
_erda
041 _aeng
082 _223
_a270.092
_bS977
100 1 _aSwift, Louis J.
_eautor
245 1 4 _aThe early fathers on war and military service
_c/ Louis J. Swift
264 1 _aWilmington, Delaware :
_bMichael Glazier,
_c[1983]
264 4 _c© 1983
300 _a164 páginas
_c; 23 cm
336 _atexto
_btxt
_2rdacontent
337 _2rdamedia
_asin mediación
_bn
338 _2rdacarrier
_avolumen
_bnc
490 1 _aMessage of the Fathers of the Church
505 _aLos primeros padres sobre la guerra y el servicio militar - El período antes de Constantine - Las fuentes más tempranas - Tertuliano - San Cipriano de Cartago - Clemente de Alejandría - Orígenes - Arnobius - Lactantius - Prácticas cristianas - Los mártires militares - La era post-constantiniana - Eusebio de Caesarea - Documentos oficiales de la iglesia y los padres del este - San Ambrosio de Milán - San Agustín de Hipona - Pacifismo en el cuarto siglo
563 _aPasta dura
650 0 _91267
_aGuerra
_xAspectos religiosos
650 7 _959
_aPadres de la Iglesia
830 _aMessage of the Fathers of the Church
_v19
942 _cBK
945 _aJTF-925